| 000 | 00945nam a22002295i 4500 | ||
|---|---|---|---|
| 001 | 166829 | ||
| 003 | ES-MaACL | ||
| 005 | 20250830095401.0 | ||
| 008 | 981002s1898 fr |||| | fre d | ||
| 040 |
_aGA _bspa _cCCPB | 3D |
||
| 100 | 1 |
_aVaccaro, Michel-Ange. _9133480 |
|
| 245 | 1 | 4 |
_aLes bases sociologiques du droit et de l'Etat / _cpar Michel-Ange Vaccaro ; ouvrage traduit sur l'édition italienne par J. Gaure et complètement refondu. |
| 260 |
_aParis : _bV. Giard & E. Brière, _c1898. |
||
| 300 |
_aLXI, 480 p. ; _c22 cm. |
||
| 490 | 1 |
_aBibliothèque sociologique internationale / publiée sous la direction de René Worms ; _v11 |
|
| 650 | 0 | 7 |
_aEstado _2embne _912523 |
| 700 | 1 |
_aGaure, J. _9127264 |
|
| 830 | 0 |
_aBibliothèque sociologique internationale / publiée sous la direction de René Worms ; _v11 _9188778 |
|
| 852 |
_aES-MaACL _jF-9679 _z-- Enc. piel |
||
| 999 |
_c166829 _d166829 |
||